Přeskočit na obsah

Проинтегрированные полугруппы учебное пособие для вузов

Учебное пособие подготовлено на кафедре математического моделирования математического факультета Воронежского государственного университета. Рекомендуется для студентов математического факультета Воронежского государственного университета. Для специальности 010101 – Математика...

Celý popis

Uloženo v:
Podrobná bibliografie
Médium: Книга
Jazyk:Russian
Vydáno: Воронеж ВГУ 2009
On-line přístup:https://e.lanbook.com/book/358313
https://e.lanbook.com/img/cover/book/358313.jpg
Tagy: Přidat tag
Žádné tagy, Buďte první, kdo otaguje tento záznam!
LEADER 01336nam0a2200229 i 4500
001 358313
003 RuSpLAN
005 20240216150948.0
008 240216s2009 ru gs 000 0 rus
040 |a RuSpLAN 
041 0 |a rus 
044 |a ru 
245 0 0 |a Проинтегрированные полугруппы  |b учебное пособие для вузов 
260 |a Воронеж  |b ВГУ  |c 2009 
300 |a 58 с. 
504 |a Библиогр.: доступна в карточке книги, на сайте ЭБС Лань 
520 8 |a Учебное пособие подготовлено на кафедре математического моделирования математического факультета Воронежского государственного университета. Рекомендуется для студентов математического факультета Воронежского государственного университета. Для специальности 010101 – Математика 
521 8 |a Книга из коллекции ВГУ - Математика 
521 8 |a СЭБ 
856 4 |u https://e.lanbook.com/book/358313 
856 4 8 |u https://e.lanbook.com/img/cover/book/358313.jpg 
953 |a https://e.lanbook.com/img/cover/book/358313.jpg